Impact of Jawahar Rozgar Yojana on capital formation and employment generation in rural economy : (Record no. 15132)
[ view plain ]
| 000 -LEADER | |
|---|---|
| fixed length control field | 00511nam a2200145Ia 4500 |
| 082 ## - DEWEY DECIMAL CLASSIFICATION NUMBER | |
| Classification number | RP.0221 |
| 100 ## - MAIN ENTRY--AUTHOR NAME | |
| Personal name | Pal, Mahi |
| 245 #0 - TITLE STATEMENT | |
| Title | Impact of Jawahar Rozgar Yojana on capital formation and employment generation in rural economy : |
| Sub Title | A case study of Saharanpur district, Uttar Pradesh |
| 260 ## - PUBLICATION, DISTRIBUTION, ETC. (IMPRINT) | |
| Year of publication | 1995 |
| Name of publisher | ICSSR, New Delhi |
| 300 ## - PHYSICAL DESCRIPTION | |
| Number of Pages | 167p. |
| 650 ## - SUBJECT ADDED ENTRY--TOPICAL TERM | |
| Topical Term | JAWAHAR ROZGAR YOJANA (JRY) |
| 650 ## - SUBJECT ADDED ENTRY--TOPICAL TERM | |
| Topical Term | SAHARANPUR DISTRICT - RURAL CONDITIONS |
| 710 ## - ADDED ENTRY--CORPORATE NAME | |
| Corporate name or jurisdiction name as entry element | Institute of Social Sciences, New Delhi |
| 942 ## - ADDED ENTRY ELEMENTS (KOHA) | |
| Koha item type | Research Reports |
| Source of classification or shelving scheme | Dewey Decimal Classification |
| Withdrawn status | Lost status | Damaged status | Not for loan | Collection code | Home library | Current library | Date acquired | Bill Date | Full call number | Accession Number | Price effective from | Koha item type |
|---|---|---|---|---|---|---|---|---|---|---|---|---|
| Not For Loan | ICSSR Research Project Reports | NASSDOC Library | NASSDOC Library | 08/10/2004 | 2008-12-30 | RP.0221 | 34246 | 18/04/2019 | Research Reports |
